000 00461nam a2200181Ia 4500
001 24368
005 20260414151038.0
008 260414t2016||||xx |||||||||||||| ||spa||
041 _aESP
082 _a345.7
_bA72
100 _aAriano Deho, Eugenia
_eAUT
245 0 _aIn limine litis. Estudios críticos de derecho procesal civil
_b
260 _c2016
300 _a925 páginas :
_c25 cm.
650 _aDER
654 _aCDE
942 _cLIB
_dJUS
_fJUS
_2ddc
_n
999 _c24368
_d24368